000 00346 a2200157 4500
001 68346
020 _a9788532908254
040 _cAnchieta - Pituba
100 _aMota, Marcos
240 1 0 _aO cemitério dos anões
_lpor
245 1 0 _aO cemitério dos anões
300 _a200
362 0 _a2017
650 4 _aLiteratura juvenil
942 _cBK
999 _c68346
_d68346